Danganronpa V3 Ultimate Quiz *Spoilers* - Statistics

General Stats
  • This quiz has been taken 273 times
  • The average score is 14 of 16
Answer Stats
Character Ultimate % Correct
K1-B0 Ultimate Robot
97%
Angie Yonaga Ultimate Artist
95%
Kaede Akamatsu Ultimate Pianist
94%
Tsumugi Shirogane Ultimate Cosplayer
92%
Himiko Yumeno Ultimate Magician
92%
Kirumi Tojo Ultimate Maid
92%
Kaito Momota Ultimate Astronaut
91%
Shuichi Saihara Ultimate Detective
91%
Maki Harukawa Ultimate Child Caregiver / Ultimate Assassin
90%
Miu Iruma Ultimate Inventor
90%
Rantaro Amami Ultimate Adventurer / Ultimate Survivor
87%
Kokichi Oma Ultimate Supreme Leader
86%
Gonta Gokuhara Ultimate Entomologist
80%
Korekiyo Shinguji Ultimate Anthropologist
76%
Ryoma Hoshi Ultimate Tennis Pro
76%
Tenko Chabashira Ultimate Aikido Master
67%
No matching quizzes found
Score Distribution
Percent of People with Each Score
Percentile by Number Answered
Your Score History
You have not taken this quiz